Cornelii Nepolis. Hannibalis et Attici vitae / (Record no. 111473)

MARC details
000 -LEADER
campo de control de longitud fija 00687nam a2200205 4500
001 - NÚMERO DE CONTROL
campo de control 111473
003 - IDENTIFICADOR DE NÚMERO DE CONTROL
campo de control ES-MaACL
005 - FECHA Y HORA DE LA ÚLTIMA TRANSACCIÓN
campo de control 20230906185316.0
007 - CAMPO FIJO DE DESCRIPCIÓN FÍSICA--INFORMACIÓN GENERAL
campo de control de longitud fija t|
008 - DATOS DE LONGITUD FIJA--INFORMACIÓN GENERAL
campo de control de longitud fija 061121s19001999sp r ||||1| spa d
100 1# - ENTRADA PRINCIPAL--NOMBRE DE PERSONA
Nombre de persona Nepote, Cornelio.
9 (RLIN) 85385
245 10 - MENCIÓN DEL TÍTULO
Título Cornelii Nepolis. Hannibalis et Attici vitae /
Mención de responsabilidad, etc. [texto anotado por Joaquín Florit].
260 ## - PUBLICACIÓN, DISTRIBUCIÓN, ETC.
Lugar de publicación, distribución, etc. Barcelona :
Nombre del editor, distribuidor, etc. Rauter,
Fecha de publicación, distribución, etc. [19__?]
300 ## - DESCRIPCIÓN FÍSICA
Extensión 40 p. ;
Dimensiones 17 cm.
490 1# - MENCIÓN DE SERIE
Mención de serie Biblioteca lingüística. Serie C. Textos latinos ;
Designación de volumen o secuencia 7
700 1# - ENTRADA AGREGADA--NOMBRE PERSONAL
Nombre de persona Florit, Joaquín.
9 (RLIN) 51347
830 0# - PUNTO DE ACCESO ADICIONAL DE SERIE-TÍTULO UNIFORME
Título uniforme Biblioteca lingüística. Serie C. Textos latinos ;
Designación de volumen o secuencia 7
9 (RLIN) 185683
852 ## - LOCALIZACIÓN
Ubicación ES-MaACL
Número de control de estantería 1874-F-3
Sublocalización o colección R.24338
Holdings
Estatus retirado Estado de pérdida Estado de daño No para préstamo Colección Biblioteca de origen Biblioteca actual Ubicación en estantería Fecha de adquisición Fuente de adquisición Total de préstamos Signatura topográfica completa Código de barras Visto por última vez Precio de reemplazo Tipo de ítem Koha
        Colección de folletos Biblioteca del Ateneo de Madrid Biblioteca del Ateneo de Madrid Depósito folletos 17/01/2008     1874-F-3 1116293 23/02/2023 23/02/2023 Folleto